Fodor's exploring Egypt /

محفوظ في:

المؤلف الرئيسي: Sattin, Anthony (مؤلف)

مؤلفون آخرون: Franquet, Sylvie.

التنسيق: كتاب

اللغة: English

منشور في: New York : Fodor's Travel Publications, 1996.

الطبعة: 1st ed.

الموضوعات:

الوسوم: إضافة وسم

لا توجد وسوم, كن أول من يضع وسما على هذه التسجيلة!

رقم الطلب: DT45 .S28 1996

LEADER 00718namaa2200253 4500
003 OSt
005 20260318111753.0
008 130303s1996 nyuab 001 0 eng d
010 |a 96140159 
020 |a 0679030077 
040 |c ARCE Library 
043 |a f-ua--- 
050 4 |a DT45 .S28 1996 
100 1 |a Sattin, Anthony,  |e author 
245 1 0 |a Fodor's exploring Egypt /  |c Anthony Sattin and Sylvie Franquet. 
250 |a 1st ed. 
264 1 |a New York :  |b Fodor's Travel Publications,   |c 1996. 
300 |a 288 pages :  |b color illustrations, maps ;  |c 22 cm. 
500 |a Includes index. 
651 0 |a Egypt  |v Guidebooks. 
700 1 |a Franquet, Sylvie.  |9 30247 
901 |a reviewed 
942 |c BK  |2 lcc 
999 |c 8740  |d 8740